Nelly's : Σαντορίνη, 1925-1930 = Santorini.

Αποθηκεύτηκε σε:
Λεπτομέρειες βιβλιογραφικής εγγραφής
Κύριος συγγραφέας: Sougioutzoglou-Seraidare, Nelly’s, 1899-1998
Μορφή: Βιβλίο
Γλώσσα:Greek
Δημοσίευση: Αθήνα : Αρχείο Θηραικών Μελετών, Συλλογή Δημήτρη Τσιτούρα, c1987
Έκδοση:2η έκδ.
Θέματα:
Ετικέτες: Προσθήκη ετικέτας
Δεν υπάρχουν, Καταχωρήστε ετικέτα πρώτοι!

MARC

LEADER 00000cam a2200000 i 4500
001 1/29924
008 960809s1987 gre d
035 |l 10023310 
040 |a GR-MY-UA  |b gre  |e aacr 
041 0 |a gre 
082 0 |a 779.98891 
100 1 |a Sougioutzoglou-Seraidare, Nelly’s,   |d 1899-1998. 
245 1 0 |a Nelly's :   |b Σαντορίνη, 1925-1930 = Santorini. 
250 |a 2η έκδ. 
260 |a Αθήνα :   |b Αρχείο Θηραικών Μελετών, Συλλογή Δημήτρη Τσιτούρα,   |c c1987 
300 |a 108 σ. 
651 0 |a Santorini Island (Greece)   |x Pictorial works. 
852 |a INST  |b CHIOS  |e 19960809  |h 779.98891 NEL  |p 005200009261  |q 005200009261  |t BK  |y 0 
852 |a INST  |b CHIOS  |e 19960809  |h 779.98891 NEL  |p 005200009262  |q 005200009262  |t BK  |y 0